[Event "?"]
[Site "FIN Team Ch"]
[Date "2001.??.??"]
[Round "?"]
[White "Innala, Heikki-Pekka"]
[Black "Kiik, Kalle"]
[Result "1/2-1/2"]
[WhiteElo "2235"]
[BlackElo "2450"]

1. e4 c5 2. Nf3 e6 3. d4 cxd4 4. Nxd4 a6 5. Bd3 Bc5 6. Nb3 Be7 7. c4 d6 8.
O-O Nf6 9. Nc3 Qc7 10. Bf4 b6 11. Rc1 Nbd7 12. Nd2 Ne5 13. Bb1 Bb7 14. h3
Nfd7 15. Be3 g5 16. g3 Rg8 17. Na4 g4 18. h4 Bc6 19. Nc3 Qd8 20. Kg2 Rc8
21. Qe2 Bb7 22. Rfd1 h5 23. a3 Ng6 24. Rh1 Bf6 25. Rh2 Be5 26. Kf1 Rh8 27.
Ba2 Kf8 28. Bb1 Kg7 29. Bd3 Qe7 30. Bb1 Rcf8 31. Nb3 Bxc3 32. Rxc3 e5 33.
Rc1 Nc5 34. Nd2 a5 35. b4 axb4 36. axb4 Nd7 37. Qd3 Ra8 38. Rd1 Ra4 39. Bc2
Ra2 40. Nb3 Rha8 41. Bb1 R2a3 42. Bc1 R3a4 43. Qd2 Nf6 44. Re1 Qe6 45. Bd3
Kg8 46. Kg1 b5 47. Na5 R8xa5 48. bxa5 bxc4 49. Bc2 Ra2 50. Qc3 Qc8 51. Bb1
Ra4 52. Bc2 Ra2 53. Bg5 Ne8 54. Bb1 Ra4 55. Bc2 Ra2 56. Bb1 1/2-1/2

[Event "?"]
[Site "Autriche (championnat)"]
[Date "2003.??.??"]
[Round "?"]
[White "Freitag, Manfred"]
[Black "Titz, Heimo"]
[Result "1/2-1/2"]
[WhiteElo "2390"]
[BlackElo "2295"]

1. e4 c5 2. Nf3 e6 3. d4 cxd4 4. Nxd4 a6 5. Bd3 Bc5 6. Nb3 Be7 7. O-O d6 8.
c4 Nf6 9. Nc3 Qc7 10. Be3 Nbd7 11. f4 b6 12. a4 e5 13. Kh1 a5 14. Rc1 O-O
15. g4 exf4 16. Bxf4 Ne5 17. g5 Nfd7 18. Nd5 Qd8 19. Rg1 Nc5 20. Bb1 Bg4
21. Rxg4 Nxg4 22. Qxg4 Nxb3 23. Rc3 Nc5 24. Rh3 g6 25. e5 dxe5 26. Bxe5
Bxg5 27. Rxh7 Kxh7 28. Qh5+ Bh6 29. Nf6+ Qxf6 30. Bxf6 Ne6 31. Qh4 Rad8 32.
Be4 Rd1+ 33. Kg2 Re8 34. Kf3 Rf1+ 35. Kg2 Rf4 36. Qe1 Ng7 37. Be5 Rxe4 38.
Qxe4 f6 39. Qc6 Rxe5 40. Qxb6 Be3 41. Qxf6 Rg5+ 42. Kh3 Rf5 43. Qe7 Bc5 44.
Qc7 Bb4 45. Kg4 Rc5 46. Qf7 Re5 47. Qc7 Re7 48. Qc6 Ne6 49. h4 Ng7 50. Qd5
Rc7 51. b3 Nf5 52. Qd8 Rc5 53. Kf4 Ng7 54. Kg4 Rf5 55. Qd7 Kh6 56. Qd8 Rf8
57. Qb6 Nh5 58. Qe3+ Rf4+ 59. Kh3 Kg7 60. Qe5+ Rf6 61. c5 Nf4+ 62. Kg4 Nd3
63. Qd4 Nxc5 64. h5 gxh5+ 65. Kxh5 Kf7 66. Qd5+ Ne6 67. Kg4 Rf4+ 68. Kg3
Kf6 69. Qc6 Rd4 70. Qa6 Ke5 71. Qb5+ Nc5 72. Qe8+ Kd5 73. Qf7+ Ne6 74. Qb7+
Ke5 75. Qb5+ Ke4 76. Qe2+ Kf5 77. Qf3+ Ke5 78. Qe2+ Re4 79. Qh5+ Kd6 80.
Kf3 Rf4+ 81. Ke2 Bc5 82. Kd3 Rxa4 83. Qg6 Rd4+ 84. Kc2 Bb4 85. Qg3+ Kd5 86.
Qf3+ Re4 87. Qf5+ Re5 88. Qf3+ Kd6 89. Qf6 Rf5 90. Qh6 Rf2+ 91. Kb1 Rd2 92.
Qf6 Re2 93. Qg6 Kd5 94. Qh5+ Re5 95. Qf3+ Kc5 96. Qd3 Re1+ 97. Kb2 Kc6 98.
Qg6 Re2+ 99. Kb1 Re3 100. Kb2 Bc3+ 101. Kc2 1/2-1/2

[Event "?"]
[Site "EM/MN/015 corr ;Corr 2002"]
[Date "1999.??.??"]
[Round "?"]
[White "Rezzuti, Vincenzo"]
[Black "Olausson, Claes Goeran"]
[Result "1-0"]
[WhiteElo "2355"]
[BlackElo "2330"]

1. e4 c5 2. Nf3 e6 3. d4 cxd4 4. Nxd4 a6 5. Bd3 Bc5 6. Nb3 Be7 7. O-O Nc6
8. f4 d5 9. Be3 dxe4 10. Bxe4 Qc7 11. Nc3 Nf6 12. Bf3 O-O 13. Qd2 b5 14.
Qf2 Rb8 15. Rad1 b4 16. Na4 Nd7 17. c4 bxc3 18. Nxc3 Bb7 19. Rc1 Rbc8 20.
Na4 Qb8 21. Nac5 Nxc5 22. Nxc5 Bxc5 23. Bxc5 Rfd8 24. Bg4 Re8 25. f5 1-0

[Event "?"]
[Site "22nd Open, Andorra la Vella AN"]
[Date "2004.??.??"]
[Round "7"]
[White "Bruned, Yvalin"]
[Black "Lopez Martinez, Josep M"]
[Result "1/2-1/2"]
[WhiteElo "2250"]
[BlackElo "2435"]

1. e4 c5 2. Nf3 e6 3. d4 cxd4 4. Nxd4 a6 5. Bd3 Bc5 6. Nb3 Be7 7. c4 d6 8.
O-O Nf6 9. Nc3 Nc6 10. Be3 O-O 11. f4 b6 12. Rc1 Bb7 13. a3 Rb8 14. Nd2 Re8
15. Qe2 g6 16. Nf3 Bf8 17. h3 d5 18. Qf2 dxe4 19. Nxe4 Nxe4 20. Bxe4 Ba8
21. Rfd1 Qc7 22. Nh2 f5 23. Bxc6 Bxc6 24. Nf3 Bg7 25. Ne5 Ba4 26. Rd2 Red8
27. Rxd8+ Qxd8 28. b4 Rb7 29. c5 bxc5 30. Rxc5 Rc7 31. Qf3 Bxe5 32. fxe5
Rd7 33. Ra5 Bb5 34. a4 Bd3 35. Qc6 Kf7 36. Bg5 Qc7 37. Qxc7 Rxc7 38. b5
axb5 39. axb5 Be4 40. Ra2 Rb7 41. Rb2 Ke8 42. b6 Bd5 43. Be3 Kd8 44. Bc5
Rf7 45. Bd6 f4 46. Rb4 Kc8 47. Rb2 Kb7 48. Bc7 g5 49. Bd8 Rf5 50. Bc7 h5
51. Rb1 f3 52. Rf1 Be4 53. gxf3 Bxf3 54. Kh2 g4 55. hxg4 hxg4 56. Kg3 Rh5
57. Rg1 Rh3+ 58. Kf4 Be2 59. Rg3 Rh1 60. Ra3 Rf1+ 61. Kg3 Rd1 62. Ra7+ Kc6
63. Ra8 Bf3 64. Rd8 Rg1+ 65. Kf4 Rf1 66. Rd6+ Kb7 67. Kg3 Rg1+ 68. Kf4 Bc6
69. Rd3 Bf3 70. Rd6 Bd5 71. Rxd5 exd5 72. e6 Re1 73. Be5 Rf1+ 74. Kxg4 Rf8
75. Kg5 Kxb6 76. e7 Ra8 77. Kf6 Kc6 78. Ke6 Re8 79. Bd4 Rc8 80. Bb2 Re8 81.
Bd4 Kb5 82. Kd7 1/2-1/2

[Event "?"]
[Site "Ibercaja Open"]
[Date "1992.??.??"]
[Round "?"]
[White "Sanchez Almeyra, Jorge"]
[Black "Esain Manresa, Miguel"]
[Result "1-0"]
[WhiteElo "2425"]
[BlackElo "2260"]

1. e4 c5 2. Nf3 e6 3. d4 cxd4 4. Nxd4 a6 5. Bd3 Bc5 6. Nb3 Bb6 7. Nc3 Nc6
8. Qe2 Nge7 9. Be3 d6 10. O-O-O Bxe3+ 11. Qxe3 Qc7 12. f4 O-O 13. Kb1 Rd8
14. g4 b5 15. g5 Bb7 16. f5 b4 17. Ne2 exf5 18. exf5 Ne5 19. Rhf1 a5 20.
Nbd4 Nd5 21. Qd2 a4 22. Rc1 Rac8 23. g6 Qb6 24. gxf7+ Kxf7 25. f6 Nxf6 26.
Rxf6+ gxf6 27. Qh6 Rg8 28. Rf1 d5 29. Qh5+ Kg7 30. Rg1+ Kf8 31. Qh6+ 1-0

[Event "?"]
[Site "III Open, Bajada de la Virgen"]
[Date "2005.??.??"]
[Round "6"]
[White "Illijin, Neboisa"]
[Black "Sriram, Jha"]
[Result "1-0"]
[WhiteElo "2240"]
[BlackElo "2445"]

1. e4 c5 2. Nf3 e6 3. d4 cxd4 4. Nxd4 a6 5. Bd3 Bc5 6. Nb3 Be7 7. O-O d6 8.
c4 Nf6 9. Nc3 Qc7 10. f4 Nbd7 11. Qf3 b6 12. Bd2 Bb7 13. Rae1 O-O 14. Kh1
Rfe8 15. Qh3 Rad8 16. Nd4 Qc5 17. Na4 Qh5 18. Qxh5 Nxh5 19. Nc3 Bh4 20. Re3
Bf6 21. Nde2 e5 22. f5 Bg5 23. Rh3 Bxd2 24. Rxh5 Bc6 25. Rh3 Nc5 26. Rd1
Bg5 27. Bc2 a5 28. Nd5 b5 29. cxb5 Bxb5 30. Nec3 Bc6 31. Rg3 h6 32. f6 Kh7
33. fxg7 Ne6 34. Rf1 Kg8 35. Nf6+ Bxf6 36. Rxf6 Nf4 37. Bb3 1-0

[Event "?"]
[Site "Hotel Irottko IM"]
[Date "2000.??.??"]
[Round "?"]
[White "Pilz, Dieter"]
[Black "Gyorkos, Lajos"]
[Result "1/2-1/2"]
[WhiteElo "2315"]
[BlackElo "2370"]

1. e4 c5 2. Nf3 e6 3. Nc3 a6 4. d4 cxd4 5. Nxd4 Bc5 6. Be3 Qb6 7. Na4 Qa5+
8. c3 Ba7 9. b4 Qe5 10. Bd3 Nf6 11. Nf3 Qc7 12. Bxa7 Rxa7 13. O-O Nc6 14.
Nb2 O-O 15. a3 d6 16. Rc1 Ne7 17. c4 Ng6 18. Re1 e5 19. h3 Qe7 20. Na4 Be6
21. Nb6 Nd7 22. Nd5 Qd8 23. Qd2 h6 24. Red1 b6 1/2-1/2

[Event "?"]
[Site "Argentine eme championnat)"]
[Date "2003.??.??"]
[Round "?"]
[White "Sapienza, Julian"]
[Black "Fiorito, Fabian"]
[Result "0-1"]
[WhiteElo "2265"]
[BlackElo "2420"]

1. e4 c5 2. Nf3 e6 3. d4 cxd4 4. Nxd4 a6 5. Bd3 Bc5 6. Nb3 Be7 7. O-O d6 8.
a4 b6 9. Be3 Nc6 10. N1d2 Nf6 11. Nc4 Rb8 12. a5 bxa5 13. Ncxa5 Nxa5 14.
Nxa5 Qc7 15. Qe2 O-O 16. Bf4 e5 17. Bg5 Ra8 18. f4 h6 19. fxe5 dxe5 20. Bh4
Bg4 21. Qe1 Nh5 22. h3 Be6 23. Bg3 Rab8 24. Bh2 Rxb2 25. Kh1 Nf4 26. Bxf4
exf4 27. e5 Bd5 28. Rxf4 Rfb8 29. Nc4 R2b4 30. Ne3 Be6 31. Rxb4 Bxb4 32.
Qg3 a5 33. Rf1 Bc3 34. Nf5 Bxf5 35. Rxf5 a4 36. Qf4 Rb1+ 37. Kh2 Rb4 38.
Qf3 g6 39. Qg3 a3 40. Rh5 Kg7 41. Qf3 Bxe5+ 42. g3 a2 0-1

[Event "?"]
[Site "Open Montcada"]
[Date "1997.??.??"]
[Round "?"]
[White "Bjerring, Kai"]
[Black "Vidarte Morales, Arturo"]
[Result "0-1"]
[WhiteElo "2315"]
[BlackElo "2370"]

1. e4 c5 2. Nf3 e6 3. d4 cxd4 4. Nxd4 a6 5. Bd3 Bc5 6. Nb3 Be7 7. Nc3 Qc7
8. f4 b5 9. Be3 Bb7 10. Qf3 d6 11. f5 exf5 12. Qxf5 Bh4+ 13. g3 Ne7 14. Qh5
Bf6 15. O-O-O Bxc3 16. bxc3 Nd7 17. Qg5 Ng6 18. Bd4 h6 19. Qe3 O-O 20. g4
Nde5 21. Rdg1 Rfe8 22. h4 Nc4 23. Qf3 Nge5 24. Qd1 Re6 25. g5 h5 26. Qxh5
b4 27. Qe2 Nxd3+ 28. cxd3 Ne5 29. h5 bxc3 30. h6 g6 31. h7+ Kh8 32. Rh3 a5
33. Rf3 Ba6 34. Rgf1 Rf8 35. Qc2 a4 36. Na1 Qe7 37. Qg2 Qb7 38. Qc2 Re7 39.
Kd1 0-1

[Event "?"]
[Site "Rilton Cup Stockholm SWE"]
[Date "2001.??.??"]
[Round "?"]
[White "Lalic, Bogdan"]
[Black "Lohou, Stephane"]
[Result "1-0"]
[WhiteElo "2520"]
[BlackElo "2160"]

1. e4 c5 2. Nf3 e6 3. d4 cxd4 4. Nxd4 a6 5. Bd3 Bc5 6. Nb3 Be7 7. O-O h5 8.
a4 Qc7 9. a5 Nf6 10. f4 b5 11. axb6 Qxb6+ 12. Kh1 Bb7 13. Qe2 Ng4 14. Na3
d6 15. Nc4 Qc7 16. h3 Nh6 17. Qxh5 d5 18. exd5 g6 19. Qe5 Qxe5 20. fxe5
Bxd5 21. Nb6 Bxb3 22. Nxa8 Bd5 23. Nc7+ Kd7 24. Nxd5 1-0

[Event "?"]
[Site "EU-ch M172 email ;Corr 2004"]
[Date "2001.??.??"]
[Round "?"]
[White "Kranzl, Alfred"]
[Black "Behling, Helmut"]
[Result "1/2-1/2"]
[WhiteElo "2405"]
[BlackElo "2275"]

1. e4 c5 2. Nf3 e6 3. d4 cxd4 4. Nxd4 Qb6 5. Nc3 Bc5 6. Na4 Qa5+ 7. c3 Bxd4
8. Qxd4 Nf6 9. Nc5 Nc6 10. Qe3 O-O 11. Nb3 Qa4 12. Bd3 b6 13. O-O Ba6 14.
Bxa6 Qxa6 15. Re1 d5 16. Qg3 Nxe4 17. Rxe4 dxe4 18. Bh6 g6 19. Qf4 Qb5 20.
Bxf8 Rxf8 21. Qxe4 Rd8 22. c4 Qa4 23. h3 Rc8 24. Qf4 Nb4 25. Qe4 Nxa2 26.
Nd2 Qd7 27. Nf3 Nb4 28. Ne5 Qe7 29. Rd1 f5 30. Qe1 Rc7 31. Rd2 Nc6 32. Nxc6
Rxc6 33. Qd1 Rc7 34. b3 Kg7 35. Rd6 f4 36. Qd4+ Qf6 37. Qe4 Re7 38. b4 Qf5
39. Qd4+ e5 40. Qc3 f3 41. c5 bxc5 42. bxc5 fxg2 43. Kxg2 Rf7 44. Qe3 Rc7
45. c6 a6 46. Qb6 Rf7 47. Qc5 Rc7 48. Qb6 Rf7 49. Qc5 e4 50. Qd4+ Kh6 51.
Rd7 Qg5+ 1/2-1/2

[Event "?"]
[Site "Wch U16 Oropesa del Mar ESP"]
[Date "2001.??.??"]
[Round "?"]
[White "Borisek, Jure"]
[Black "Ibarra Jerez, Jose C"]
[Result "0-1"]
[WhiteElo "2320"]
[BlackElo "2360"]

1. e4 c5 2. Nf3 e6 3. d4 cxd4 4. Nxd4 Qb6 5. Nc3 Bc5 6. Na4 Qa5+ 7. c3 Bxd4
8. Qxd4 Nf6 9. Nc5 Nc6 10. Qe3 b6 11. Nb3 Qa4 12. Bd3 Ba6 13. Bc2 Qc4 14.
Nd2 Nb4 15. Bb1 Nd3+ 16. Bxd3 Qxd3 17. Qxd3 Bxd3 18. f3 O-O-O 19. Nb3 d5
20. e5 Nd7 21. Bf4 f6 22. Kd2 Bc4 23. Rhe1 g5 24. Bg3 f5 25. Bf2 Bxb3 26.
axb3 Kb7 27. Bd4 Nb8 28. Kd3 Nc6 29. Rh1 Rhg8 30. h4 gxh4 31. Rag1 Rd7 32.
Rxh4 Rdg7 33. Rh2 a5 34. Ke3 Ka6 35. Kf4 Nxd4 36. cxd4 Kb5 37. g3 Kb4 38.
Rh6 Re7 39. Rc1 Kxb3 40. Rc6 Rb8 41. Rh2 Rbb7 42. Rc3+ Ka4 43. Rh6 b5 0-1

[Event "?"]
[Site "(open) Bad Woerishofen GER"]
[Date "2004.??.??"]
[Round "?"]
[White "Schwalen, Peter"]
[Black "Ginsburg, Genadi"]
[Result "1/2-1/2"]
[WhiteElo "2195"]
[BlackElo "2485"]

1. e4 c5 2. Nf3 e6 3. d4 cxd4 4. Nxd4 a6 5. Bd3 Bc5 6. Nb3 Be7 7. e5 Nc6 8.
Bf4 d6 9. exd6 Bxd6 10. Bxd6 Qxd6 11. Nc3 Nf6 12. O-O Qf4 13. g3 Qh6 14.
Ne4 O-O 15. Nxf6+ Qxf6 16. c3 e5 17. Qc2 g6 18. Rfe1 Bh3 19. Be4 Rac8 20.
Qe2 Rfe8 21. Rad1 Qe7 22. Qe3 Kg7 23. Qb6 Qc7 24. Qxc7 Rxc7 25. Rd6 Rd8 26.
Red1 Rxd6 27. Rxd6 Kf8 28. Bxc6 bxc6 29. Nc5 Ke7 30. Rd2 a5 31. f3 Be6 32.
b3 Rc8 33. Kf2 h5 34. c4 Rb8 35. Na6 Rb7 36. Nc5 Ra7 37. Re2 f6 38. f4 Bg4
39. Re3 Kd6 40. Nd3 exf4 41. c5+ Kd5 42. Nxf4+ Kxc5 43. Rc3+ Kb5 44. Nxg6
a4 45. bxa4+ Rxa4 46. a3 Rd4 47. Ke3 Rd5 48. Nf4 Re5+ 49. Kf2 c5 50. h3 Bd1
51. Rd3 Bc2 52. Rd6 f5 53. Re6 Rxe6 54. Nxe6 Bb3 55. Ng7 Ka4 56. Nxh5 c4
57. Nf4 c3 58. Ne2 c2 59. h4 Kxa3 60. Ke3 Bc4 61. Nc1 Kb2 62. Kd2 Bf7 63.
Nd3+ Kb1 64. Nc1 Bg6 65. Nb3 Kb2 66. Nc1 Kb1 67. Nb3 Kb2 68. Nc1 Kb1
1/2-1/2

[Event "?"]
[Site "la Vella Open"]
[Date "2002.??.??"]
[Round "?"]
[White "Gonzalez Pruneda, Arturo Jose"]
[Black "Vehi Bach, Victor M"]
[Result "0-1"]
[WhiteElo "2220"]
[BlackElo "2460"]

1. e4 c5 2. Nf3 e6 3. d4 cxd4 4. Nxd4 a6 5. Bd3 Bc5 6. Nb3 Be7 7. Qg4 g6 8.
O-O d6 9. Be3 Nd7 10. f4 Qc7 11. Nc3 b5 12. a3 Bb7 13. Rad1 Ngf6 14. Qe2
O-O 15. g4 Nc5 16. Nxc5 dxc5 17. g5 c4 18. gxf6 cxd3 19. cxd3 Bxf6 20. Rc1
Qd7 21. Rfd1 Rac8 22. e5 Be7 23. Ne4 Rxc1 24. Rxc1 Rd8 25. Rc3 Bxe4 26.
dxe4 a5 27. Rc2 Qd1+ 28. Qxd1 Rxd1+ 29. Kf2 b4 30. axb4 Bxb4 31. f5 gxf5
32. Bh6 Rd8 33. exf5 exf5 34. Kf3 Rd3+ 35. Ke2 Rd8 36. Ke3 f6 37. e6 Re8
38. Rc6 Rd8 39. Kf3 Bf8 40. Bxf8 Kxf8 41. Rc5 Ke7 42. Rxa5 Kxe6 43. Ra7
Rd3+ 44. Kg2 h5 45. Rh7 Ke5 46. Rxh5 Ke4 47. Rh3 Rd2+ 48. Kf1 f4 49. b4 Rb2
50. b5 Rxb5 51. Ra3 Rb1+ 52. Kf2 Rb2+ 53. Kf1 Rxh2 54. Rb3 Rd2 55. Rh3 Rd3
56. Rh8 Ke3 57. Re8+ Kf3 58. Re1 Rd2 59. Ra1 Kg3 60. Ra8 Rb2 61. Rg8+ Kf3
62. Ke1 Rb1+ 63. Kd2 Kf2 64. Rd8 f3 65. Rd6 Kg2 0-1

[Event "?"]
[Site "ASS - ELIT"]
[Date "1998.??.??"]
[Round "?"]
[White "Daniel Carlsson, Limhamns SK"]
[Black "Kaj Engstrom, SS Lul"]
[Result "1-0"]
[WhiteElo "2360"]
[BlackElo "2315"]

1. e4 c5 2. Nf3 e6 3. d4 cxd4 4. Nxd4 a6 5. Bd3 Bc5 6. Nb3 Be7 7. O-O Nc6
8. f4 d6 9. c4 Nf6 10. Nc3 O-O 11. Qf3 Rb8 12. Be3 Bd7 13. Rad1 Qc7 14. c5
e5 15. Nd5 Nxd5 16. exd5 Nd4 17. Bxd4 exd4 18. Qe4 Bf5 19. Qxf5 g6 20. cxd6
Qxd6 21. Qe5 Qb4 22. Qxd4 Qd6 23. Kh1 Bf6 24. Qc5 Qd7 25. Qb6 Bxb2 26. Nc5
Qxd5 27. Be4 Qc4 28. Bd5 Qe2 29. Nd7 Rbd8 30. Bf3 1-0

[Event "?"]
[Site "Chigorin Memorial"]
[Date "1999.??.??"]
[Round "?"]
[White "Varavin, Viktor"]
[Black "Krasnov, Vasiliy G"]
[Result "1-0"]
[WhiteElo "2400"]
[BlackElo "2275"]

1. e4 c5 2. Nf3 e6 3. d4 cxd4 4. Nxd4 Qb6 5. Nc3 Bc5 6. Be3 Nc6 7. Ndb5
Bxe3 8. fxe3 a6 9. Nd6+ Kf8 10. Qd2 Nf6 11. O-O-O Ng4 12. Be2 Nge5 13. Rhf1
f6 14. g4 h6 15. h4 Kg8 16. g5 hxg5 17. hxg5 fxg5 18. Rg1 Rh3 19. Rxg5 Qxe3
20. Qxe3 Rxe3 21. Rdg1 g6 22. Kd2 Rh3 23. Na4 b5 24. Nb6 Rb8 25. Nbxc8 Kg7
26. R1g3 Rh8 27. Ne7 Nxe7 28. Rxe5 Rb6 29. Rd3 Nc6 30. Rc5 Nb4 31. Ne8+
Rxe8 32. Rxd7+ Kf6 33. Ke3 Re7 34. e5+ Kf7 35. Rxe7+ Kxe7 36. Bf3 Nxa2 37.
Rc7+ Kd8 38. Rg7 Nb4 39. Kd4 Nxc2+ 40. Kc5 Rb8 41. Kd6 Rb6+ 42. Bc6 Rxc6+
43. Kxc6 Ne3 44. Rxg6 Ke7 45. Rg7+ Kf8 46. Ra7 Nc4 47. Rxa6 Nxe5+ 48. Kxb5
Ke7 49. b4 Kd7 50. Ra1 Nf3 51. Kc5 e5 52. Kd5 Kc7 53. Ra6 Nd4 54. Rh6 Kb7
55. Rh5 Nc2 56. Kc5 e4 57. Rh7+ Kc8 58. Rh2 Ne1 59. Re2 Nd3+ 60. Kb5 Nf4
1-0

[Event "?"]
[Site "ch-RUS u18 Nojabrsk RUS ;The W"]
[Date "2005.??.??"]
[Round "7"]
[White "Matveev, M2 RUS"]
[Black "Papin, Vasily"]
[Result "1/2-1/2"]
[WhiteElo "2235"]
[BlackElo "2440"]

1. e4 c5 2. Nf3 e6 3. d4 cxd4 4. Nxd4 a6 5. Bd3 Bc5 6. Nb3 Be7 7. Qg4 g6 8.
Qe2 d6 9. c4 Nd7 10. O-O Qc7 11. Nc3 Bf6 12. Rd1 Bg7 13. Be3 Ngf6 14. f3
O-O 15. Qf2 b6 16. Bf1 Rd8 17. a4 Rb8 18. Ra3 Bf8 19. Ra2 Nc5 20. Nc1 Bb7
21. Bd4 Ne8 22. b4 Nd7 23. Qb2 Ne5 24. Qb3 Rbc8 25. a5 Nxc4 26. axb6 Nxb6
27. Bxa6 Bxa6 28. Rxa6 Nd7 29. N1e2 Qb8 30. Rb1 Bg7 1/2-1/2

[Event "?"]
[Site "FMDA tt Buenos Aires ARG"]
[Date "1992.??.??"]
[Round "?"]
[White "Lopez, Ricardo"]
[Black "Cid, Marino Alejandro"]
[Result "0-1"]
[WhiteElo "2250"]
[BlackElo "2425"]

1. e4 c5 2. Nf3 e6 3. d4 cxd4 4. Nxd4 a6 5. Nc3 Bc5 6. Nb3 Ba7 7. Bd3 Nc6
8. O-O Nf6 9. Kh1 b5 10. a3 d6 11. f4 O-O 12. Qf3 Rb8 13. Qg3 b4 14. axb4
Nxb4 15. Rd1 Nxd3 16. Rxd3 Qc7 17. Be3 Bxe3 18. Qxe3 d5 19. e5 Ne4 20. Nxe4
dxe4 21. Rc3 Qe7 22. Rb1 f6 23. Qxe4 Bb7 24. Qe3 Bd5 25. Nd4 Qb7 26. Nf3
Qb4 27. Rd3 fxe5 28. Qxe5 Qxf4 29. Qxf4 Rxf4 30. Kg1 Ba2 31. Rbd1 Rxb2 32.
Rd6 Rxc2 33. Rxa6 Bd5 34. Ra3 Rg4 35. g3 Rb4 36. Rd2 Rb1+ 37. Kf2 Rbb2 38.
Rd3 Bxf3 39. Rxc2 Rxc2+ 40. Kxf3 Rxh2 41. Rd7 Kf8 42. Ra7 Rb2 43. Kf4 Rb5
44. g4 h6 45. Rc7 Rb4+ 46. Kf3 Kg8 47. Re7 Rb6 48. Kf4 Kh7 49. Ke4 Kg6 50.
Kf4 Kf6 51. Re8 Rb4+ 52. Kf3 Ke5 53. Re7 Rb3+ 54. Kf2 Kf6 0-1

[Event "?"]
[Site "ch-EU, Liverpool ENG"]
[Date "2006.??.??"]
[Round "1"]
[White "White, Mi"]
[Black "Ciuksyte, Dagne"]
[Result "0-1"]
[WhiteElo "2235"]
[BlackElo "2440"]

1. e4 c5 2. Nf3 e6 3. d4 cxd4 4. Nxd4 a6 5. Bd3 Bc5 6. Nb3 Be7 7. c4 d6 8.
Nc3 Nf6 9. Bf4 b6 10. Qd2 O-O 11. O-O-O Qc7 12. Be2 Rd8 13. e5 Ne8 14. exd6
Bxd6 15. Bxd6 Rxd6 16. Qg5 Bb7 17. Rxd6 Nxd6 18. Rd1 Nc6 19. Qg3 Rd8 20. c5
bxc5 21. Nxc5 Nd4 22. Rxd4 Qxc5 23. Rd2 Bd5 24. Rc2 Nf5 25. Qd3 Nd4 26. Rd2
Bxa2 27. Kd1 Bb3+ 28. Ke1 h6 29. Kf1 a5 30. Qe3 e5 31. f4 f6 32. Bd3 Bc4
33. Kf2 Bxd3 34. Rxd3 exf4 35. Qxf4 Ne6+ 36. Qe3 Rxd3 0-1

[Event "?"]
[Site "Canadian Open, Kitchener CAN"]
[Date "2006.??.??"]
[Round "6"]
[White "Krnan, Tomas"]
[Black "Mikanovic, Goran"]
[Result "1-0"]
[WhiteElo "2395"]
[BlackElo "2280"]

1. e4 c5 2. Nf3 e6 3. d4 cxd4 4. Nxd4 a6 5. Bd3 Bc5 6. Nb3 Be7 7. c4 d6 8.
Nc3 Nf6 9. O-O b6 10. Be3 Nbd7 11. f4 Bb7 12. Qf3 O-O 13. Rae1 Qc7 14. Qh3
g6 15. Bd4 Rfe8 16. e5 Nh5 17. f5 exf5 18. Rxf5 Nxe5 19. Rxh5 gxh5 20. Qxh5
Bf6 21. Qxh7+ Kf8 22. Ne4 Bxe4 23. Bxe4 Rac8 24. Rf1 Bg7 25. Bd5 Re7 26.
Rf5 Ree8 27. Rg5 1-0

[Event "?"]
[Site "Goodbye Summer Open ;The Week"]
[Date "2004.??.??"]
[Round "2"]
[White "Plenkovic, Zdenko"]
[Black "Zivanic, Marko"]
[Result "0-1"]
[WhiteElo "2240"]
[BlackElo "2435"]

1. e4 c5 2. Nf3 e6 3. d4 cxd4 4. Nxd4 a6 5. Bd3 Bc5 6. Nb3 Be7 7. c4 d6 8.
O-O Nf6 9. Nc3 Nbd7 10. f4 Qc7 11. Qe2 b6 12. Bd2 Bb7 13. Rae1 h5 14. e5
dxe5 15. fxe5 Ng4 16. Ne4 Ndxe5 17. Bf4 O-O-O 18. Bb1 f5 19. Nf2 Bd6 20.
Nxg4 Nxg4 21. Qxe6+ Kb8 22. Qxf5 Rdf8 0-1

[Event "?"]
[Site "Ch Chivilcoy"]
[Date "1996.??.??"]
[Round "?"]
[White "Bernardo, Walter"]
[Black "Dolezal, Cristian"]
[Result "1/2-1/2"]
[WhiteElo "2320"]
[BlackElo "2355"]

1. e4 c5 2. Nf3 e6 3. d4 cxd4 4. Nxd4 Qb6 5. Nc3 Bc5 6. Be3 Nc6 7. Na4 Qa5+
8. c3 Bxd4 9. Bxd4 Nxd4 10. Qxd4 e5 11. Qb4 Qxb4 12. cxb4 Nf6 13. Nc3 d6
14. O-O-O Ke7 15. f3 Be6 16. Be2 Rhd8 17. g4 Rac8 18. Kb1 Rc6 19. Rd2 h6
20. h4 a6 21. a4 Rc7 22. a5 g5 23. hxg5 hxg5 24. Rhd1 Bb3 25. Rc1 d5 26.
exd5 Bxd5 27. Nxd5+ Nxd5 28. Rxc7+ Nxc7 29. Rxd8 Kxd8 30. Bd3 Nb5 31. Be4
Nd6 32. Bd5 Ke7 33. Kc2 Kd7 34. Kd2 1/2-1/2

[Event "?"]
[Site "W-ch25 sf01 email ;Corr 2004"]
[Date "2001.??.??"]
[Round "?"]
[White "Tarmak, Mart"]
[Black "Behling, Helmut"]
[Result "0-1"]
[WhiteElo "2355"]
[BlackElo "2320"]

1. e4 c5 2. Nf3 e6 3. d4 cxd4 4. Nxd4 Qb6 5. Nc3 Bc5 6. Be3 Nc6 7. Ncb5 Nf6
8. Nxc6 Bxe3 9. fxe3 bxc6 10. Nd6+ Ke7 11. Nc4 Qc5 12. e5 Nd5 0-1

[Event "?"]
[Site "After Holidays MI"]
[Date "2003.??.??"]
[Round "?"]
[White "Shutzman, Joseph"]
[Black "Eljanov, Vladimir"]
[Result "1-0"]
[WhiteElo "2260"]
[BlackElo "2415"]

1. e4 c5 2. Nf3 e6 3. d4 cxd4 4. Nxd4 a6 5. Bd3 Bc5 6. Nb3 Be7 7. Be3 Nf6
8. c4 d6 9. Nc3 O-O 10. O-O b6 11. f4 Bb7 12. Qf3 Re8 13. Qh3 Nfd7 14. Rad1
Qc7 15. f5 exf5 16. Qxf5 Ne5 17. Nd5 Bxd5 18. exd5 g6 19. Qh3 Bf8 20. Be2
Bg7 21. Rc1 Nbd7 22. Nd4 Nf6 23. Bh6 Qc5 24. Rcd1 b5 25. Bxg7 Kxg7 26. cxb5
axb5 27. Kh1 b4 28. Bb5 Reb8 29. Qh4 Nxd5 30. Rxf7+ Nxf7 31. Ne6+ Kg8 32.
Nxc5 Rxb5 33. Ne6 Re8 34. Qc4 Ra5 35. Rxd5 Ne5 36. Qc7 Rxe6 37. Qxa5 Nc6
38. Qa8+ Kg7 39. h3 Ne5 40. Qa7+ 1-0

[Event "?"]
[Site "Open Oberwart AUT"]
[Date "1998.??.??"]
[Round "?"]
[White "Sziebert, Adam"]
[Black "Danner, Georg"]
[Result "1-0"]
[WhiteElo "2330"]
[BlackElo "2340"]

1. e4 c5 2. Nf3 e6 3. d4 cxd4 4. Nxd4 Qb6 5. Nc3 Bc5 6. Na4 Qa5+ 7. c3 Bxd4
8. Qxd4 Nf6 9. Nc5 O-O 10. Nb3 Qc7 11. Bg5 Nc6 12. Qe3 Ng4 13. Qd2 f5 14.
Be2 Nf6 15. exf5 Ne4 16. Bf4 Nxd2 17. Bxc7 Nxb3 18. axb3 Rxf5 19. b4 b5 20.
O-O a6 21. Rfd1 Ne5 22. f4 Nc4 23. Bf3 d5 24. b3 Ra7 25. Bb8 Rb7 26. bxc4
Rxb8 27. cxd5 exd5 28. Bxd5+ Kf8 29. g3 Rf6 30. Bf3 Bh3 31. Rd4 g5 32. Kf2
gxf4 33. Rxf4 Rxf4 34. gxf4 Rb6 35. Rd1 Ke7 36. Rd5 Bd7 37. Ke3 h6 38. Re5+
Kf6 39. Kd4 Rb8 40. Rh5 Rh8 41. Bb7 Bf5 42. Bxa6 Kg6 43. Rxf5 Kxf5 44. Bxb5
Kxf4 45. Bc6 Rd8+ 46. Bd5 Rb8 47. Kc5 Ke5 48. b5 Rc8+ 49. Bc6 Ke6 50. b6
Ke5 51. b7 Rb8 52. c4 h5 53. Kb6 Kd4 54. Bd5 h4 55. Kc7 Rxb7+ 56. Kxb7 1-0

[Event "?"]
[Site "Carlos Torre Open"]
[Date "1998.??.??"]
[Round "?"]
[White "Aldama, Degurnay"]
[Black "Hernandez, Yadira"]
[Result "1-0"]
[WhiteElo "2450"]
[BlackElo "2220"]

1. e4 c5 2. Nf3 e6 3. d4 cxd4 4. Nxd4 a6 5. Bd3 Bc5 6. Nb3 Be7 7. O-O d6 8.
Nc3 Nf6 9. a4 O-O 10. f4 Qc7 11. a5 b5 12. axb6 Qxb6+ 13. Kh1 Nbd7 14. Qe2
Bb7 15. Be3 Qc7 16. Na5 Bc8 17. Bd4 e5 18. Nd5 Nxd5 19. exd5 Bf6 20. fxe5
Bxe5 21. Nc6 g6 22. Nxe5 dxe5 23. Bc3 Bb7 24. Ba5 Qd6 25. c4 f5 26. Bc3
Rae8 27. b4 e4 28. Bc2 Ne5 29. h3 h5 30. Bb3 Qd8 31. Rad1 Qg5 32. c5 Qg3
33. Qe1 Qg5 34. c6 f4 35. cxb7 f3 36. gxf3 exf3 37. Qf2 Nd3 38. Rxd3 Re2
39. Qxe2 fxe2 40. Rxf8+ Kxf8 41. b8=Q+ 1-0

[Event "?"]
[Site "Glassy Stream Open, Kharkov UK"]
[Date "2004.??.??"]
[Round "6"]
[White "Zhornik, Nikolay"]
[Black "Korobkov, Piotr"]
[Result "1/2-1/2"]
[WhiteElo "2280"]
[BlackElo "2390"]

1. e4 c5 2. Nf3 e6 3. d4 cxd4 4. Nxd4 a6 5. Bd3 Bc5 6. Nb3 Be7 7. O-O d6 8.
c4 Nd7 9. Nc3 Qc7 10. Be3 b6 11. f4 Ngf6 12. Qf3 Bb7 13. Rae1 Rd8 14. Kh1
h5 15. Qg3 h4 16. Qf3 h3 17. g4 Nc5 18. Nxc5 bxc5 19. g5 Nd7 20. Kg1 g6 21.
Qg4 Bf8 22. Rf3 Qb6 23. Re2 Bg7 24. Rxh3 Rxh3 25. Qxh3 Bxc3 26. bxc3 Qa5
27. Qh8+ Ke7 28. Qg7 Qa4 29. Rd2 Rf8 30. f5 gxf5 31. g6 Ke8 32. Be2 Qc6 33.
gxf7+ Kd8 34. Bg5+ Kc8 35. Be7 Qxe4 36. Bxf8 Qe3+ 37. Kf1 Qxd2 38. Be7 Qc1+
39. Kf2 Qf4+ 40. Ke1 Qc1+ 41. Kf2 Qf4+ 42. Ke1 Qc1+ 1/2-1/2